Emily Post's The etiquette advantage in business : (Record no. 5201)
[ view plain ]
| 000 -LEADER | |
|---|---|
| fixed length control field | 02225cam a2200373 a 4500 |
| 001 - CONTROL NUMBER | |
| JCCL Control Number | 5201 |
| 003 - CONTROL NUMBER IDENTIFIER | |
| JCCL marc code | BD-JhCC |
| 005 - DATE AND TIME OF LATEST TRANSACTION | |
| control field | 20171210165054.0 |
| 008 - FIXED-LENGTH DATA ELEMENTS--GENERAL INFORMATION | |
| fixed length control field | 051005s2005 nyua 001 0 eng d |
| 020 ## - INTERNATIONAL STANDARD BOOK NUMBER | |
| International Standard Book Number | 0060760028 |
| 035 ## - SYSTEM CONTROL NUMBER | |
| system control number | (OCoLC)ocm60337684 |
| 040 ## - CATALOGING SOURCE | |
| Original cataloging agency | IEB |
| Transcribing agency | IEB |
| Modifying agency | VP@ |
| -- | SRB |
| -- | BAKER |
| -- | YBM |
| -- | DLC |
| 041 ## - LANGUAGE CODE | |
| Language code of Book | eng |
| 050 00 - LIBRARY OF CONGRESS CALL NUMBER | |
| Classification number | HF5389 |
| Item number | .P675 2005 |
| 082 04 - DEWEY DECIMAL CLASSIFICATION NUMBER | |
| Classification number | 395.52 |
| DDC Edition number | 22 |
| Author mark and Year | POS 2005 |
| 100 1# - MAIN ENTRY--PERSONAL NAME | |
| Personal name | Post, Peggy, |
| Dates associated with a name | 1945- |
| 245 10 - TITLE STATEMENT | |
| Title | Emily Post's The etiquette advantage in business : |
| Remainder of title | personal skills for professional success / |
| Statement of responsibility, etc | Peggy Post and Peter Post. |
| 246 30 - VARYING FORM OF TITLE | |
| Title proper/short title | Etiquette advantage in business |
| 250 ## - EDITION STATEMENT | |
| Edition statement | 2nd ed. |
| 260 ## - PUBLICATION, DISTRIBUTION, ETC. (IMPRINT) | |
| Place of publication, distribution, etc | New York : |
| Name of publisher, distributor, etc | HarperResource, |
| Date of publication, distribution, etc | c2005. |
| 300 ## - PHYSICAL DESCRIPTION | |
| Pagination | xvi, 366 p. : |
| Other physical details | ill. ; |
| Dimensions | 24 cm. |
| 500 ## - GENERAL NOTE | |
| General note | Includes index. |
| 505 0# - FORMATTED CONTENTS NOTE | |
| Formatted contents note | 1: The keys to success -- Why etiquette matters -- The ethical you -- Dress and grooming -- 2: At the workplace -- You and your coworkers -- You and your workplace -- You and your supervisors -- Women and men together--and other personal matters -- The smart manager -- Hosting, attending, and speaking at the perfect meeting -- Telecommuting and the home office -- 3: Rising to the occasion -- Pleasing the customer -- Business gifts -- Business events -- Table manners: navigating the meal -- Decoding the table setting -- 4: Communication -- The good conversationalist -- On the telephone -- The good writer -- Communicating electronically -- 5: On the road--here and abroad -- The thoughtful traveler -- Conventions, trade shows, and other off-site events -- Doing business in another country -- Adjusting your cultural lens -- 6: The job applicant -- The job search -- Résumés and application letters -- The job interview. |
| 650 #0 - SUBJECT ADDED ENTRY--TOPICAL TERM | |
| Topical term or geographic name as entry element | Business etiquette. |
| 650 #0 - SUBJECT ADDED ENTRY--TOPICAL TERM | |
| Topical term or geographic name as entry element | Success in business. |
| 650 #0 - SUBJECT ADDED ENTRY--TOPICAL TERM | |
| Topical term or geographic name as entry element | Job hunting. |
| 700 1# - ADDED ENTRY--PERSONAL NAME | |
| Personal name | Post, Peter. |
| 700 1# - ADDED ENTRY--PERSONAL NAME | |
| Personal name | Post, Emily, |
| Dates associated with a name | 1873-1960. |
| 856 41 - ELECTRONIC LOCATION AND ACCESS | |
| Materials specified | Table of contents |
| Uniform Resource Identifier | http://www.loc.gov/catdir/toc/fy0602/2005283037.html |
| 856 42 - ELECTRONIC LOCATION AND ACCESS | |
| Materials specified | Contributor biographical information |
| Uniform Resource Identifier | http://www.loc.gov/catdir/enhancements/fy0911/2005283037-b.html |
| 856 42 - ELECTRONIC LOCATION AND ACCESS | |
| Materials specified | Publisher description |
| Uniform Resource Identifier | http://www.loc.gov/catdir/enhancements/fy0911/2005283037-d.html |
| 942 ## - ADDED ENTRY ELEMENTS (KOHA) | |
| Source of classification or shelving scheme | Dewey Decimal Classification |
| Koha item type | Books |
| Source of classification or shelving scheme | Damaged status | Not for loan | Home library | Current library | Shelving location | Date of accession | Total Checkouts | Full call number | Barcode | Date last seen | Copy number | Koha item type |
|---|---|---|---|---|---|---|---|---|---|---|---|---|
| Dewey Decimal Classification | JCC Rouf Library | JCC Rouf Library | General Stacks | 12/10/2017 | 395.52 POS 2005 | 7111 | 12/10/2017 | C-1 | Books |